Comparison of RFLP and RAPD markers for estimating genetic relationships within and among cruciferous species (Record no. 56019)

MARC details
000 -LEADER
fixed length control field 00552nam a2200193Ia 4500
100 ## - MAIN ENTRY--AUTHOR NAME
Personal name Thomann C E
245 #0 - TITLE STATEMENT
Title Comparison of RFLP and RAPD markers for estimating genetic relationships within and among cruciferous species
260 ## - PUBLICATION, DISTRIBUTION, ETC. (IMPRINT)
Name of publisher Theoretical and Applied Genetics
Year of publication 1994
300 ## - PHYSICAL DESCRIPTION
Number of Pages 973-980
650 ## - SUBJECT ADDED ENTRY--TOPICAL TERM
Topical Term Genetic relationship
650 ## - SUBJECT ADDED ENTRY--TOPICAL TERM
Topical Term RAPD
650 ## - SUBJECT ADDED ENTRY--TOPICAL TERM
Topical Term RFLP
700 ## - ADDED ENTRY--PERSONAL NAME
Personal name Camargo L E A
700 ## - ADDED ENTRY--PERSONAL NAME
Personal name Ferreira M E
700 ## - ADDED ENTRY--PERSONAL NAME
Personal name Osborn T C
700 ## - ADDED ENTRY--PERSONAL NAME
Personal name Tivang J G
942 ## - ADDED ENTRY ELEMENTS (KOHA)
Koha item type Journals
Holdings
Withdrawn status Lost status Damaged status Not for loan Home library Current library Shelving location Date acquired Serial Enumeration / chronology Koha item type
      Journals RRII Library RRII Library RFLP 17/12/2021 Volume 88, Issue 8 Journals